| 000 | 00349nam a22001337a 4500 | ||
|---|---|---|---|
| 082 |
_a823 _bPRA/C |
||
| 100 | _aPRAN | ||
| 245 | _aCHACHA CHAUDHARY AND STATUE OF UNITY | ||
| 246 |
_aCHACHA CHAUDHARY AND STATUE OF UNITY _bCHACHA CHAUDHARY AND STATUE OF UNITY |
||
| 260 |
_aNEW DELHI _bDIAMOND |
||
| 300 | _a44 | ||
| 650 | _aENGLISH COMICS | ||
| 942 | _cBK | ||
| 999 |
_c8646 _d8646 |
||